000 00289nam a2200133Ia 4500
008 221030s9999 xx 000 0 und d
041 _aEnglish
082 _a105.23
100 _aS. Sheldon
245 4 _aThe Stars Shine Down
_cby S. Sheldon
260 _c0
650 _aB
942 _cBK
999 _c12578
_d12578